| 000 | 00439nam a2200169Ia 4500 | ||
|---|---|---|---|
| 003 | GCL | ||
| 008 | 140319s9999 xx 000 0 ara d | ||
| 040 |
_aGCL / _cGCL |
||
| 082 | 0 | 4 |
_a701.18 _bم ا |
| 100 | 1 | _aمحسن محمد عطية | |
| 245 | 1 | 0 |
_aافاق جديدة للفن / _cمحسن محمد عطية |
| 300 | _a199 ص | ||
| 490 |
_a100 قصة _v0 |
||
| 650 | 0 | 4 | _aالفن |
| 650 | 0 | 4 | _aتاريخ ونقد |
| 942 |
_2ddc _cBK |
||
| 999 |
_c44076 _d44076 |
||